| 000 | 01228cam a22002891i 4500 | ||
|---|---|---|---|
| 003 | SA-RiAUC | ||
| 005 | 20250208090508.0 | ||
| 008 | 250207s1987 le g 000r0 ara c | ||
| 035 | _aAUC_OC_193412 | ||
| 040 |
_aSA-RiAUC _bara _cSA-RiAUC _erda |
||
| 082 | 0 | 4 |
_a237.7 _qSA-RiAUC |
| 090 |
_a237.7 _bف ا د |
||
| 100 | 1 |
_aالفاداني، محمد ياسين بن محمد عيسى، _d1335-1411 هجري _eمؤلف. |
|
| 245 | 1 | 2 |
_aالأربعون البلدانية : _bأربعون حديثا عن أربعين شيخا من أربعين بلدا / _cتأليف أبي الفيض محمد ياسين بن عيسى الفاداني المكي. |
| 250 | _aالطبعة الثانية. | ||
| 264 | 1 |
_aبيروت : _bدار البشائر الإسلامية، _c[1987] |
|
| 300 |
_a80 صفحة ؛ _c24 سم |
||
| 336 |
_aنص _btxt _2rdacontent _3كتاب |
||
| 337 |
_aبدون وسيط _bn _2rdamedia |
||
| 338 |
_aمجلد _bnc _2rdacarrier |
||
| 500 | _aختم اهداء من المؤلف | ||
| 650 | 7 |
_aالحديث _xالأربعون حديثا _2aucsh |
|
| 650 | 7 |
_aالحديث _xأحكام _2aucsh |
|
| 650 | 7 |
_aالحديث _xشرح _2aucsh |
|
| 942 |
_2ddc _cBOOK _n0 |
||
| 949 |
_aSA-JeALM _d250207 _umohamedma123 _n1 |
||
| 999 |
_c5747 _d5747 |
||